| 000 | 00446nam a2200181Ia 4500 | ||
|---|---|---|---|
| 008 | 240925s9999 xx 000 0 und d | ||
| 020 | _a9789385919138 | ||
| 082 | _a658.3125 ARM | ||
| 100 | _aArmstrong, Michael | ||
| 245 | 0 | _aManaging Performance | |
| 250 | _a1st | ||
| 260 |
_aNew Delhi: _bViva Books _c,2016. |
||
| 300 |
_a283p. _bNA _fOriginal |
||
| 500 | _aIncludes Index | ||
| 600 | _aManagement | ||
| 650 | _aManagement | ||
| 942 | _cBK | ||
| 999 |
_c17175 _d17175 |
||